Ανταγωνισμός και ενδοεπιχειρησιακές στρατηγικές στις μικρομεσαίες επιχειρήσεις την περίοδο της οικονομικής ύφεσης : πτυχιακή εργασία
Αποθηκεύτηκε σε:
| Κύριος συγγραφέας: | |
|---|---|
| Συγγραφή απο Οργανισμό/Αρχή: | |
| Άλλοι συγγραφείς: | , |
| Μορφή: | Thesis Βιβλίο |
| Γλώσσα: | Greek |
| Δημοσίευση: |
Χίος :
Πανεπιστήμιο Αιγαίου. Σχολή Επιστημών της Διοίκησης. Τμήμα Διοίκησης Επιχειρήσεων,
2014
|
| Θέματα: | |
| Διαθέσιμο Online: | http://hdl.handle.net/11610/6817 |
| Ετικέτες: |
Προσθήκη ετικέτας
Δεν υπάρχουν, Καταχωρήστε ετικέτα πρώτοι!
|
MARC
| LEADER | 00000cam a2200000 i 4500 | ||
|---|---|---|---|
| 001 | 1/43914 | ||
| 008 | 140307s2014 gre d | ||
| 035 | |l 10117026 | ||
| 040 | |a GR-MY-UA |b gre |e aacr | ||
| 041 | 0 | |a gre | |
| 082 | 0 | |a 658.022 |2 (22) | |
| 100 | 1 | |a Μελάς, Χριστάκης. | |
| 245 | 1 | 0 | |a Ανταγωνισμός και ενδοεπιχειρησιακές στρατηγικές στις μικρομεσαίες επιχειρήσεις την περίοδο της οικονομικής ύφεσης : |b πτυχιακή εργασία / |c Χριστάκης Μελάς ; επιβλέπων καθηγητής: Κωνσταντόπουλος Νικόλαος; συνεπιβλέπων καθηγητής: Σάμιτας Αριστείδης |
| 260 | |a Χίος : |b Πανεπιστήμιο Αιγαίου. Σχολή Επιστημών της Διοίκησης. Τμήμα Διοίκησης Επιχειρήσεων, |c 2014 | ||
| 300 | |a 121 σ.; |b διαγρ., πίν.; |c 30 εκ. | ||
| 502 | # | # | |a Πτυχιακή εργασία – Πανεπιστήμιο Αιγαίου, Χίος, 2014. |
| 650 | 0 | 0 | |a Dissertations, Academic |z Greece. |
| 700 | 1 | |a Σάμιτας, Αριστείδης. |4 ths | |
| 700 | 1 | |4 ths |a Κωνσταντόπουλος, Νικόλαος. | |
| 710 | 1 | |a Πανεπιστήμιο Αιγαίου |b Σχολή Επιστημών της Διοίκησης |b Τμήμα Διοίκησης Επιχειρήσεων - Τ.Δ.Ε. | |
| 852 | |a INST |b CHIOS |c DIATR |e 20140307 |h 658.022 ΜΕΛ |p 005200034572 |q 005200034572 |t DIE |y 23 | ||
| 852 | |a INST |b CHIOS |c DIATR |e 20140307 |h 658.022 ΜΕΛ |p 005200034573 |q 005200034573 |t DIE |y 23 | ||
| 856 | |u http://hdl.handle.net/11610/6817 | ||
| 901 | |a BIBL2-2014-1 | ||
| 909 | |a Χ |b 180264 | ||
| 909 | |a Χ |b 180265 | ||
| 924 | |a ΜΕΛΑΣ |b ΧΡΙΣΤΑΚΗΣ |y ΧΙΟΣ |z 2014-02 | ||
| 970 | |a ΣΑΛΑΜΟΥΡΑ |b ΜΑΡΙΑ |z 2014/03/07 | ||